000 00736nam a2200229Ia 4500
005 20260131175624.0
008 210303s9999 xx 000 0 und d
016 _2reto2022b
020 _a3540076360
040 _aNLN
_bEnglish
_eAACR2
050 _aHA39.N685
_bM478
082 _a300.727
100 _aMCGEE, T.G
_eaut
_944937
110 _aOgun State. Ministry of Finance and Economic development. Statistics Division
245 0 _aStatistical abstract /
_bT.G. Mcgee
260 _aAbeokuta :
_bStatistics Division, Ministry of Finance and Economic Development ,
_c1976.
300 _aIV ,179p.
_b; 23cm.
500 _aIncludes bibliographical references
563 _a(pbk)
650 _aStatistical
_958575
942 _cBK
_n0
999 _c23645
_d23645